Čas sa stane priateľom S plánovacím systémom za každodennými starosťami i radosťami
Organizácia práce, úspora času. Pojem časový manažment (time management). Pomôcky, pre zorganizovanie denného programu. Vytýčenie cieľa, využívanie časového plánu. Plánovací systém ADK, ktorý obsahuje potrebné nástroje a pomôcky nevyhnutné k tvorivej práci. Praktické využívanie plánovacieho systému...
Gespeichert in:
| 1. Verfasser: | |
|---|---|
| Format: | Buchkapitel |
| Sprache: | Slowakisch |
| Schlagworte: | |
| Tags: |
Keine Tags, Fügen Sie das erste Tag hinzu!
|
MARC
| LEADER | 00000naa a2200000 4500 | ||
|---|---|---|---|
| 001 | r017016 | ||
| 005 | 20221213100415.2 | ||
| 041 | 0 | |a slo | |
| 044 | |a SK | ||
| 245 | 1 | 0 | |a Čas sa stane priateľom |b S plánovacím systémom za každodennými starosťami i radosťami |c Dagmar Krištofičová |
| 520 | |a Organizácia práce, úspora času. Pojem časový manažment (time management). Pomôcky, pre zorganizovanie denného programu. Vytýčenie cieľa, využívanie časového plánu. Plánovací systém ADK, ktorý obsahuje potrebné nástroje a pomôcky nevyhnutné k tvorivej práci. Praktické využívanie plánovacieho systému ADK. | ||
| 610 | 2 | 0 | |a organizácia času |
| 610 | 2 | 0 | |a manažment času |
| 610 | 2 | 0 | |a organizácia práce |
| 610 | 2 | 0 | |a pomôcky pracovné |
| 610 | 2 | 0 | |a manažéri |
| 610 | 2 | 0 | |a režim pracovný |
| 100 | 1 | |a Krištofičová, Dagmar | |